[Event "Dublin Gonzaga op"]
[Site "Dublin"]
[Date "2025.01.17"]
[Round "1"]
[White "Scott, Luke"]
[Black "Daly, Colm"]
[Result "1/2-1/2"]
[WhiteElo "1931"]
[BlackElo "2191"]
[PlyCount "57"]
[EventDate "2025.01.17"]
[EventType "swiss"]
[EventRounds "5"]
[EventCountry "IRL"]
[SourceTitle "CB04_2025"]
[SourceDate "2025.01.22"]
[SourceVersion "1"]
[SourceVersionDate "2025.01.22"]
[SourceQuality "1"]

1. e4 c5 2. Nf3 e6 3. c3 d5 4. exd5 Qxd5 5. d4 Nf6 6. Na3 a6 7. Nc4 Qd8 8. a4 cxd4 9. Nxd4 Bc5 10. Be3 Nbd7 11. b4 Be7 12. Bd3 0-0 13. Qc2 e5 14. Nf5 g6 15. Nxe7+ Qxe7 16. 0-0 Nd5 17. Bd2 Nf4 18. Rfe1 Qf6 19. Bf1 Rb8 20. Qe4 Nh5 21. Nxe5 Re8 22. Nxd7 Bxd7 23. Qc2 Nf4 24. b5 Bf5 25. Qb3 Nd3 26. Bxd3 Bxd3 27. c4 Qd4 28. Bc3 Qxc4 29. Qb2 1/2-1/2

[Event "IRL-ch 100th"]
[Site "Dublin"]
[Date "2021.08.03"]
[Round "4"]
[White "Scott, Luke"]
[Black "Putar, Lara"]
[Result "1-0"]
[WhiteElo "1906"]
[BlackElo "1930"]
[PlyCount "69"]
[EventDate "2021.07.31"]
[EventType "swiss"]
[EventRounds "9"]
[EventCountry "IRL"]
[SourceTitle "CBM 203 Extra"]
[Source "ChessBase"]
[SourceDate "2021.09.30"]
[SourceVersion "1"]
[SourceVersionDate "2021.09.30"]
[SourceQuality "1"]

1. d4 Nf6 2. c4 g6 3. Nc3 d5 4. Nf3 Bg7 5. cxd5 Nxd5 6. e4 Nxc3 7. bxc3 c5 8. Rb1 0-0 9. Be2 Nc6 10. d5 Ne5 11. Nxe5 Bxe5 12. Qd2 Qc7 13. f4 Bg7 14. 0-0 a6 15. c4 Bd7 16. Bb2 Bxb2 17. Rxb2 b5 18. h4 h5 19. Rb3 bxc4 20. Rg3 Kh7 21. Qd1 Kh6 22. Rg5 f6 23. d6 exd6 24. Rd5 Rad8 25. Bxh5 Rg8 26. Bxg6 Rxg6 27. Rh5+ Kg7 28. f5 Rg3 29. Rf4 d5 30. Rg4+ Kf8 31. Rh8+ Ke7 32. Rh7+ Kf8 33. Qxd5 Be6 34. Rh8+ Ke7 35. Qxe6# 1-0

[Event "Paracin (Women) 2nd"]
[Site "Paracin"]
[Date "2019.07.15"]
[Round "4"]
[White "Scott, Luke"]
[Black "Harshini, A."]
[Result "1/2-1/2"]
[WhiteElo "1904"]
[BlackElo "2018"]
[PlyCount "103"]
[EventDate "2019.07.13"]
[EventType "tourn"]
[EventRounds "9"]
[EventCountry "SRB"]
[SourceTitle "CBM 191 Extra"]
[Source "ChessBase"]
[SourceDate "2019.09.30"]
[SourceVersion "1"]
[SourceVersionDate "2019.09.30"]
[SourceQuality "1"]

1. d4 Nf6 2. c4 g6 3. Nc3 d5 4. Nf3 Bg7 5. cxd5 Nxd5 6. e4 Nxc3 7. bxc3 c5 8. Rb1 0-0 9. Be2 b6 10. 0-0 Bb7 11. d5 Bxc3 12. Bc4 Bg7 13. Bf4 Ba6 14. Qe2 Qc8 15. Rfd1 Bxc4 16. Qxc4 Qa6 17. Qc2 Nd7 18. e5 b5 19. Qe2 Qa4 20. Bg5 f6 21. exf6 exf6 22. Qe6+ Rf7 23. Be3 Rc8 24. Nd2 Rc7 25. d6 Rc8 26. Ne4 Qc4 27. Qxc4 bxc4 28. Rb7 Ne5 29. d7 Rd8 30. Nxc5 Bf8 31. Rxa7 Bxc5 32. Bxc5 Nd3 33. Bd4 Rfxd7 34. Rxd7 Rxd7 35. Bxf6 Ra7 36. Rd2 Kf7 37. Bd4 Ra3 38. Rc2 Ra4 39. Kf1 Ke6 40. g3 Kd5 41. Bc3 Ke4 42. Ke2 Rxa2 43. f3+ Kd5 44. Rxa2 Nc1+ 45. Kd2 Nxa2 46. Ba5 Kc5 47. Kc2 Nb4+ 48. Bxb4+ Kxb4 49. f4 h5 50. h3 Kc5 51. Kc3 Kd5 52. g4 1/2-1/2

[Event "IRL-chT"]
[Site "Dublin"]
[Date "2019.04.07"]
[Round "4.2"]
[White "Murphy, Sean1"]
[Black "Scott, Luke"]
[Result "0-1"]
[WhiteElo "1853"]
[BlackElo "1881"]
[PlyCount "90"]
[EventDate "2019.04.05"]
[EventType "team-swiss"]
[EventRounds "5"]
[EventCountry "IRL"]
[SourceTitle "CBM 189 Extra"]
[Source "ChessBase"]
[SourceDate "2019.05.31"]
[SourceVersion "1"]
[SourceVersionDate "2019.05.31"]
[SourceQuality "1"]
[WhiteTeam "Elm Mount"]
[BlackTeam "Trinity"]
[WhiteTeamCountry "IRL"]
[BlackTeamCountry "IRL"]

1. e4 e6 2. d4 d5 3. exd5 exd5 4. Bd3 Nc6 5. Ne2 Bd6 6. c3 Qh4 7. Be3 Bg4 8. Qb3 0-0-0 9. Nd2 Nge7 10. 0-0-0 f5 11. f3 Bh5 12. g3 Qf6 13. Rde1 g5 14. Qc2 f4 15. Bf2 Bg6 16. h4 gxh4 17. gxh4 Bh5 18. Reg1 h6 19. a3 Kb8 20. Kb1 Nc8 21. Bg6 Bxg6 22. Rxg6 Qf7 23. Rhg1 Rdg8 24. Nb3 N8e7 25. Rxg8+ Rxg8 26. Qc1 Rxg1 27. Bxg1 Qg6+ 28. Qc2 Qg2 29. Qd3 a5 30. Nc5 Bxc5 31. dxc5 Ne5 32. Qd1 Nxf3 33. Bd4 Nxd4 34. Nxd4 Qe4+ 35. Ka2 Nf5 36. Nxf5 Qxf5 37. Qa4 Qe4 38. Qd7 Qc4+ 39. b3 Qxc5 40. Qd8+ Ka7 41. Qf6 Qf2+ 42. Ka1 f3 43. Qg7 Qe1+ 44. Ka2 Qe2+ 45. Ka1 f2 0-1

[Event "Dublin Super Cup U19"]
[Site "Dublin"]
[Date "2018.10.20"]
[Round "1.2"]
[White "Scott, Luke"]
[Black "O'Gorman, Alice"]
[Result "0-1"]
[WhiteElo "1879"]
[BlackElo "1868"]
[PlyCount "84"]
[EventDate "2018.10.20"]
[EventType "tourn"]
[EventRounds "7"]
[EventCountry "IRL"]
[SourceTitle "EXT 2023"]
[Source "ChessBase"]
[SourceDate "2022.10.05"]
[SourceVersion "1"]
[SourceVersionDate "2022.10.05"]
[SourceQuality "1"]

1. d4 d5 2. c4 e6 3. Nc3 Nf6 4. cxd5 exd5 5. Bg5 Be7 6. e3 c6 7. Bd3 Nbd7 8. Qc2 Nh5 9. Bxe7 Qxe7 10. Nge2 g6 11. 0-0-0 Nb6 12. h4 Bd7 13. e4 dxe4 14. Bxe4 Nf6 15. Bf3 Bf5 16. Qb3 Be6 17. Qc2 Bf5 18. Qb3 Be6 19. Qc2 0-0-0 20. Nf4 Bf5 21. Qb3 Qc7 22. g3 Rhe8 23. Rd2 Kb8 24. Rhd1 Nfd5 25. Nfxd5 Nxd5 26. g4 Be6 27. Nxd5 Bxd5 28. Bxd5 Rxd5 29. Qf3 Red8 30. Rd3 Qd7 31. Qf4+ Qc7 32. Qf6 Qd7 33. Rf3 Qxg4 34. Rf4 Rc5+ 35. Kd2 Qd7 36. Ke2 Rh5 37. Qxf7 Qxf7 38. Rxf7 Rxh4 39. Ke3 Kc8 40. Kf3 Rdxd4 41. Rxd4 Rxd4 42. Ke3 Rd7 0-1

[Event "IRL-ch"]
[Site "Dublin"]
[Date "2018.08.06"]
[Round "3"]
[White "Scott, Luke"]
[Black "Melaugh, Shanemelaugh"]
[Result "0-1"]
[WhiteElo "1873"]
[BlackElo "2086"]
[PlyCount "74"]
[EventDate "2018.08.04"]
[EventType "swiss"]
[EventRounds "9"]
[EventCountry "IRL"]
[SourceTitle "CBM 185 Extra"]
[Source "ChessBase"]
[SourceDate "2018.07.29"]
[SourceVersion "1"]
[SourceVersionDate "2018.07.29"]
[SourceQuality "1"]

1. d4 Nf6 2. c4 e6 3. Nc3 Bb4 4. e3 b6 5. Nge2 Bb7 6. a3 Bxc3+ 7. Nxc3 0-0 8. f3 d5 9. cxd5 exd5 10. b4 Nbd7 11. Rb1 Nh5 12. Qc2 Qh4+ 13. Qf2 Qe7 14. Bd3 Nf4 15. Bc2 Nf6 16. 0-0 Ng6 17. b5 a6 18. a4 axb5 19. axb5 Rfe8 20. Re1 Qd7 21. h3 Rad8 22. Ba3 Ne7 23. Rbd1 Nc8 24. e4 Nh5 25. Qh4 g6 26. Bc1 Qe7 27. Bg5 f6 28. Bh6 Qb4 29. g4 Qxc3 30. gxh5 Rd6 31. e5 fxe5 32. Rxe5 Rxe5 33. dxe5 Qxe5 34. Re1 g5 35. Rxe5 gxh4 36. Re8+ Kf7 37. Rf8+ Ke7 0-1

[Event "Paracin IM"]
[Site "Paracin"]
[Date "2018.07.19"]
[Round "8"]
[White "Sredojevic, Ivan"]
[Black "Scott, Luke"]
[Result "1-0"]
[WhiteElo "2298"]
[BlackElo "1887"]
[PlyCount "75"]
[EventDate "2018.07.14"]
[EventType "tourn"]
[EventRounds "9"]
[EventCountry "SRB"]
[SourceTitle "CBM 185 Extra"]
[Source "ChessBase"]
[SourceDate "2018.07.29"]
[SourceVersion "1"]
[SourceVersionDate "2018.07.29"]
[SourceQuality "1"]

1. e4 e6 2. d4 d5 3. Nc3 Nf6 4. e5 Nfd7 5. f4 c5 6. Nf3 Nc6 7. Be3 a6 8. Qd2 b5 9. dxc5 Bxc5 10. Bd3 Qb6 11. Bf2 0-0 12. 0-0 h6 13. a3 Bxf2+ 14. Qxf2 Qxf2+ 15. Kxf2 b4 16. axb4 Nxb4 17. Ke3 Nc5 18. Nd4 a5 19. Bb5 Bd7 20. Ra3 Bxb5 21. Ncxb5 Rfb8 22. Nc3 Nxc2+ 23. Nxc2 Rxb2 24. Rf2 Nb3 25. Nb5 Rc8 26. Ncd4 Nxd4 27. Rxb2 Nc2+ 28. Kd2 Nxa3 29. Nxa3 g5 30. g3 Kg7 31. Kd3 gxf4 32. gxf4 f6 33. Rg2+ Kf7 34. Nb5 Rc6 35. Nd6+ Kf8 36. Rg6 fxe5 37. fxe5 a4 38. Rxe6 1-0

[Event "Paracin IM"]
[Site "Paracin"]
[Date "2018.07.18"]
[Round "7"]
[White "Scott, Luke"]
[Black "Ozenir, Ekin Baris"]
[Result "0-1"]
[WhiteElo "1887"]
[BlackElo "2300"]
[PlyCount "124"]
[EventDate "2018.07.14"]
[EventType "tourn"]
[EventRounds "9"]
[EventCountry "SRB"]
[SourceTitle "CBM 185 Extra"]
[Source "ChessBase"]
[SourceDate "2018.07.29"]
[SourceVersion "1"]
[SourceVersionDate "2018.07.29"]
[SourceQuality "1"]

1. d4 Nf6 2. c4 e6 3. Nc3 Bb4 4. e3 0-0 5. Nge2 d5 6. a3 Bd6 7. cxd5 exd5 8. Ng3 Re8 9. Bd3 c6 10. 0-0 Nbd7 11. b4 a6 12. Qc2 Nf8 13. Re1 Ne6 14. Bb2 g6 15. Nf1 Qc7 16. f3 Bf8 17. Rad1 Bg7 18. Qb3 b6 19. Ng3 Bb7 20. Na4 Nd7 21. Bb1 Rad8 22. e4 dxe4 23. fxe4 b5 24. Nc5 Ndxc5 25. dxc5 Nd4 26. Qe3 Nc2 27. Bxc2 Bxb2 28. Bb3 Kg7 29. Kh1 f6 30. Ba2 Be5 31. Nf1 Bc8 32. g3 Bg4 33. Rxd8 Rxd8 34. Kg2 Qd7 35. Bb3 Qc8 36. Qc1 Rd3 37. Bd1 Bxd1 38. Rxd1 Qd7 39. Rxd3 Qxd3 40. Qe3 Qc2+ 41. Kf3 Qb1 42. Ke2 Bb2 43. Qf4 Qc2+ 44. Nd2 Bc3 45. Qc7+ Kh6 46. Qd6 Kh5 47. h3 Bxd2 48. Qxd2 Qxe4+ 49. Qe3 Qxe3+ 50. Kxe3 Kg5 51. Ke4 h5 52. Ke3 Kf5 53. Kf3 Ke5 54. Ke3 g5 55. Kd3 f5 56. Ke3 f4+ 57. gxf4+ gxf4+ 58. Kf3 Kf5 59. h4 Ke5 60. Ke2 Ke4 61. Kf2 f3 62. Ke1 Ke3 0-1

[Event "Paracin IM"]
[Site "Paracin"]
[Date "2018.07.14"]
[Round "1"]
[White "Milanovic, Slavisa"]
[Black "Scott, Luke"]
[Result "1-0"]
[WhiteElo "2370"]
[BlackElo "1887"]
[PlyCount "84"]
[EventDate "2018.07.14"]
[EventType "tourn"]
[EventRounds "9"]
[EventCountry "SRB"]
[SourceTitle "CBM 185 Extra"]
[Source "ChessBase"]
[SourceDate "2018.07.29"]
[SourceVersion "1"]
[SourceVersionDate "2018.07.29"]
[SourceQuality "1"]

1. c4 Nf6 2. Nf3 c5 3. d4 cxd4 4. Nxd4 Nc6 5. Nc3 e6 6. g3 Qb6 7. Nb3 Ne5 8. e4 Bb4 9. Qe2 d6 10. Bd2 a5 11. Rc1 a4 12. Na1 0-0 13. Bg2 Qd4 14. 0-0 Qxc4 15. Qd1 Qa6 16. Nc2 Bc5 17. b4 axb3 18. axb3 b5 19. b4 Ba7 20. Bg5 Nfg4 21. h3 f6 22. Bf4 Nxf2 23. Rxf2 Bxf2+ 24. Kxf2 Nc4 25. Kg1 Bb7 26. Kh2 Qb6 27. Qe2 e5 28. Be3 Qc6 29. Bg1 Qd7 30. Ne3 Nxe3 31. Bxe3 Ra3 32. Qb2 Rfa8 33. Bb6 Qe6 34. Ba5 Rb3 35. Qd2 Ra3 36. Nxb5 Ra2 37. Rc2 Rxc2 38. Qxc2 Rc8 39. Nc7 Qd7 40. b5 d5 41. exd5 Qxb5 42. Qa2 Kh8 1-0

[Event "Paracin Summer op-B 11th"]
[Site "Paracin"]
[Date "2018.07.13"]
[Round "9"]
[White "Rutten, Alexander"]
[Black "Scott, Luke"]
[Result "1-0"]
[WhiteElo "1807"]
[BlackElo "1887"]
[PlyCount "61"]
[EventDate "2018.07.06"]
[EventType "swiss"]
[EventRounds "9"]
[EventCountry "SRB"]
[SourceTitle "EXT 2019"]
[Source "ChessBase"]
[SourceDate "2018.10.10"]
[SourceVersion "1"]
[SourceVersionDate "2018.10.10"]
[SourceQuality "1"]

1. e4 e6 2. d4 d5 3. e5 c5 4. c3 Nc6 5. Nf3 Qb6 6. a3 Nh6 7. b4 cxd4 8. cxd4 Nf5 9. Bb2 Bd7 10. Be2 h5 11. 0-0 Rc8 12. Kh1 Na5 13. Nbd2 Nc4 14. Nxc4 dxc4 15. Rc1 Qa6 16. d5 exd5 17. Qxd5 Be6 18. Qd2 Be7 19. Qf4 b5 20. Ng5 Qb6 21. Bc3 Bxg5 22. Qxg5 Qd8 23. Qf4 Qe7 24. Ra1 g6 25. a4 a6 26. axb5 axb5 27. Ra5 Rb8 28. Bf3 0-0 29. Bc6 Bd7 30. Ra7 Rfd8 31. e6 1-0

[Event "Wch U18"]
[Site "Montevideo"]
[Date "2017.09.25"]
[Round "10"]
[White "Scott, Luke"]
[Black "Otamendi Munoz, Gilberto"]
[Result "0-1"]
[WhiteElo "1732"]
[BlackElo "1839"]
[PlyCount "84"]
[EventDate "2017.09.17"]
[EventType "swiss"]
[EventRounds "11"]
[EventCountry "URU"]
[SourceTitle "EXT 2018"]
[Source "ChessBase"]
[SourceDate "2017.10.13"]
[SourceVersion "1"]
[SourceVersionDate "2017.10.13"]
[SourceQuality "1"]

1. d4 g6 2. e4 Bg7 3. Nc3 d6 4. Be2 Nh6 5. g4 f6 6. h4 Nf7 7. Be3 Nd7 8. Qd2 c5 9. Nf3 cxd4 10. Nxd4 Nde5 11. Bb5+ Bd7 12. 0-0-0 Nxg4 13. Ne6 Qc8 14. Nxg7+ Kf8 15. h5 Kxg7 16. hxg6 hxg6 17. Rxh8 Nxh8 18. Bd3 Nxe3 19. Qxe3 Qc5 20. Qxc5 dxc5 21. e5 f5 22. Bc4 Bc6 23. Nd5 Bxd5 24. Rxd5 b6 25. Rd7 Kf8 26. Bd5 Ke8 27. Rxe7+ Kxe7 28. Bxa8 f4 29. Bd5 Nf7 30. Bxf7 Kxf7 31. Kd2 Ke6 32. Kd3 Kxe5 33. f3 b5 34. a4 a6 35. axb5 axb5 36. c4 b4 37. b3 g5 38. Ke2 Kf5 39. Kf2 g4 40. fxg4+ Kxg4 41. Kg2 f3+ 42. Kf2 Kf4 0-1

[Event "Wch U18"]
[Site "Montevideo"]
[Date "2017.09.24"]
[Round "9"]
[White "Dotta, Gian Franco"]
[Black "Scott, Luke"]
[Result "0-1"]
[WhiteElo "1916"]
[BlackElo "1732"]
[PlyCount "86"]
[EventDate "2017.09.17"]
[EventType "swiss"]
[EventRounds "11"]
[EventCountry "URU"]
[SourceTitle "CBM 180 Extra"]
[Source "ChessBase"]
[SourceDate "2017.10.06"]
[SourceVersion "1"]
[SourceVersionDate "2017.10.06"]
[SourceQuality "1"]

1. e4 e6 2. d4 d5 3. Nc3 Nf6 4. e5 Nfd7 5. f4 c5 6. Nf3 Nc6 7. Be3 a6 8. Qd2 b5 9. dxc5 Bxc5 10. Bxc5 Nxc5 11. Qf2 Qb6 12. Bd3 Bd7 13. 0-0 h6 14. Kh1 b4 15. Ne2 Na4 16. Qg3 0-0 17. b3 Nc3 18. Nxc3 bxc3 19. a3 Ne7 20. Qh3 Bb5 21. Rad1 Rfc8 22. g4 Qe3 23. Rfe1 Qc5 24. a4 Bxd3 25. Rxd3 Qf2 26. Qg2 Qxg2+ 27. Kxg2 Rab8 28. Ree3 Rxb3 29. cxb3 c2 30. Re1 c1Q 31. Rxc1 Rxc1 32. Nd4 Ng6 33. Kg3 Rg1+ 34. Kf3 Rf1+ 35. Ke3 Rxf4 36. Rc3 Re4+ 37. Kd3 Nxe5+ 38. Kc2 Rxd4 39. Rc8+ Kh7 40. Ra8 Nd7 41. Rxa6 Nc5 42. Rc6 Nxa4 43. bxa4 Rxa4 0-1

[Event "Wch U18"]
[Site "Montevideo"]
[Date "2017.09.20"]
[Round "5"]
[White "Stabulnieks, Klavs"]
[Black "Scott, Luke"]
[Result "1-0"]
[WhiteElo "2147"]
[BlackElo "1732"]
[PlyCount "91"]
[EventDate "2017.09.17"]
[EventType "swiss"]
[EventRounds "11"]
[EventCountry "URU"]
[SourceTitle "CBM 180 Extra"]
[Source "ChessBase"]
[SourceDate "2017.10.06"]
[SourceVersion "1"]
[SourceVersionDate "2017.10.06"]
[SourceQuality "1"]

1. d4 Nf6 2. c4 e6 3. Nc3 Bb4 4. f3 c5 5. d5 0-0 6. e4 d6 7. Nge2 b5 8. Nf4 exd5 9. Nfxd5 Nxd5 10. Qxd5 Qb6 11. Bf4 Be6 12. Qxd6 Qa5 13. Kf2 Rd8 14. Qc7 Rd2+ 15. Kg3 Qxc7 16. Bxc7 Bxc3 17. bxc3 bxc4 18. f4 f6 19. f5 Bf7 20. Bf4 Rc2 21. Rc1 Rxa2 22. Kf3 Nc6 23. g4 Na5 24. Rg1 Nb3 25. Re1 Rc2 26. g5 fxg5 27. Rxg5 Rd8 28. e5 Bd5+ 29. Kg4 Rxc3 30. e6 Nd4 31. Be5 g6 32. Bxd4 cxd4 33. fxg6 Bf3+ 34. Kf4 hxg6 35. Rxg6+ Kh7 36. e7 Re8 37. Rd6 Bh5 38. Rxd4 Bf7 39. Bg2 Rd3 40. Be4+ Bg6 41. Bxd3 cxd3 42. Rd8 Kg7 43. Rxe8 Bxe8 44. Ke3 Bb5 45. Kd2 Kf7 46. Re5 1-0

[Event "Wch U18"]
[Site "Montevideo"]
[Date "2017.09.19"]
[Round "4"]
[White "Piazza, Cristian"]
[Black "Scott, Luke"]
[Result "1/2-1/2"]
[WhiteElo "1830"]
[BlackElo "1732"]
[PlyCount "47"]
[EventDate "2017.09.17"]
[EventType "swiss"]
[EventRounds "11"]
[EventCountry "URU"]
[SourceTitle "CBM 180 Extra"]
[Source "ChessBase"]
[SourceDate "2017.10.06"]
[SourceVersion "1"]
[SourceVersionDate "2017.10.06"]
[SourceQuality "1"]

1. e4 e6 2. d4 d5 3. Nd2 Nf6 4. e5 Nfd7 5. Bd3 c5 6. c3 Nc6 7. Ne2 cxd4 8. cxd4 f6 9. Nf4 Nxd4 10. Qh5+ Ke7 11. Ng6+ hxg6 12. Qxh8 Nxe5 13. Bb1 Kf7 14. 0-0 Qa5 15. Kh1 Nec6 16. Bxg6+ Kxg6 17. Qxf8 Qc7 18. Nf3 Kh7 19. Nxd4 Nxd4 20. Be3 Nc6 21. Rac1 a5 22. Qe8 Rb8 23. Qh5+ Kg8 24. Qe8+ 1/2-1/2

[Event "Wch U18"]
[Site "Montevideo"]
[Date "2017.09.17"]
[Round "1"]
[White "Scott, Luke"]
[Black "Goncalves, Davi Sulzbacher"]
[Result "0-1"]
[WhiteElo "1732"]
[BlackElo "2252"]
[PlyCount "56"]
[EventDate "2017.09.17"]
[EventType "swiss"]
[EventRounds "11"]
[EventCountry "URU"]
[SourceTitle "CBM 180 Extra"]
[Source "ChessBase"]
[SourceDate "2017.10.06"]
[SourceVersion "1"]
[SourceVersionDate "2017.10.06"]
[SourceQuality "1"]

1. d4 Nf6 2. c4 g6 3. Nc3 d5 4. cxd5 Nxd5 5. e4 Nxc3 6. bxc3 Bg7 7. Qa4+ Nd7 8. Nf3 0-0 9. Be2 c5 10. 0-0 a6 11. Qa3 Qc7 12. Bg5 e5 13. d5 Rb8 14. Qb3 b5 15. a4 c4 16. Qa3 Nc5 17. Nd2 Re8 18. Be3 Bf8 19. Bxc5 Bxc5 20. Qc1 Bd7 21. Bd1 Rec8 22. axb5 axb5 23. Kh1 Ra8 24. f3 Be3 25. Rxa8 Rxa8 26. Qb2 Ra5 27. Be2 Qa7 28. Bxc4 Bxd2 0-1

[Event "IRL-ch"]
[Site "Ennis"]
[Date "2017.08.06"]
[Round "9"]
[White "Fox, Anthony"]
[Black "Scott, Luke"]
[Result "0-1"]
[WhiteElo "2016"]
[BlackElo "1748"]
[PlyCount "76"]
[EventDate "2017.07.29"]
[EventType "swiss"]
[EventRounds "9"]
[EventCountry "IRL"]
[SourceTitle "CBM 179 Extra"]
[Source "ChessBase"]
[SourceDate "2017.08.23"]
[SourceVersion "1"]
[SourceVersionDate "2017.08.23"]
[SourceQuality "1"]

1. e4 e6 2. d3 d5 3. Nd2 Nf6 4. Ngf3 c5 5. g3 Nc6 6. Bg2 Be7 7. 0-0 0-0 8. Re1 b5 9. a4 Rb8 10. axb5 Rxb5 11. e5 Nd7 12. h4 Qc7 13. Qe2 a5 14. c4 Rb4 15. cxd5 exd5 16. e6 Nf6 17. exf7+ Rxf7 18. Ng5 Nd4 19. Qd1 Bg4 20. f3 Qxg3 21. Nf1 Qxh4 22. Nxf7 Nxf3+ 23. Bxf3 Bxf3 24. Qxf3 Rg4+ 25. Qxg4 Qxg4+ 26. Kf2 Kxf7 27. Rxa5 Ne4+ 28. Rxe4 Bh4+ 29. Ke3 dxe4 30. dxe4 Bg5+ 31. Kf2 Bxc1 32. Rxc5 Qf4+ 33. Kg2 Qxe4+ 34. Kh3 Bxb2 35. Ng3 Qe3 36. Rc7+ Kg6 37. Rc6+ Kg5 38. Rc5+ Be5 0-1

[Event "IRL-ch"]
[Site "Ennis"]
[Date "2017.08.03"]
[Round "6"]
[White "Mirza, Diana"]
[Black "Scott, Luke"]
[Result "1-0"]
[WhiteElo "1919"]
[BlackElo "1748"]
[PlyCount "75"]
[EventDate "2017.07.29"]
[EventType "swiss"]
[EventRounds "9"]
[EventCountry "IRL"]
[SourceTitle "CBM 179 Extra"]
[Source "ChessBase"]
[SourceDate "2017.08.23"]
[SourceVersion "1"]
[SourceVersionDate "2017.08.23"]
[SourceQuality "1"]

1. Nf3 Nf6 2. g3 b5 3. Bg2 Bb7 4. d3 e6 5. 0-0 d5 6. e4 c5 7. exd5 Nxd5 8. Ne5 Nc6 9. Nxc6 Bxc6 10. c4 Nb4 11. Bxc6+ Nxc6 12. cxb5 Nd4 13. Nc3 Qd7 14. a4 Be7 15. Be3 0-0 16. Bxd4 Qxd4 17. Qe2 Rfd8 18. Rfd1 Rd7 19. a5 Rb8 20. Ra4 Qd6 21. Qg4 Qc7 22. Qe4 Bf6 23. b6 axb6 24. a6 b5 25. a7 bxa4 26. a8Q Rxa8 27. Qxa8+ Qd8 28. Qxa4 g6 29. Qb5 Bd4 30. Ne4 Rd5 31. Rc1 Qe7 32. Ra1 h5 33. Ra8+ Kg7 34. Qb8 Kh6 35. Ra7 Rd7 36. Rxd7 Qxd7 37. Qf8+ Kh7 38. Ng5# 1-0

[Event "IRL-ch"]
[Site "Ennis"]
[Date "2017.07.30"]
[Round "2"]
[White "Scott, Luke"]
[Black "Melaugh, Shanemelaugh"]
[Result "1-0"]
[WhiteElo "1748"]
[BlackElo "1928"]
[PlyCount "63"]
[EventDate "2017.07.29"]
[EventType "swiss"]
[EventRounds "9"]
[EventCountry "IRL"]
[SourceTitle "CBM 179 Extra"]
[Source "ChessBase"]
[SourceDate "2017.08.23"]
[SourceVersion "1"]
[SourceVersionDate "2017.08.23"]
[SourceQuality "1"]

1. d4 f5 2. Bg5 h6 3. Bh4 g5 4. e3 Nf6 5. Bg3 e6 6. h4 g4 7. h5 Bg7 8. Nc3 d6 9. Nge2 0-0 10. Nf4 Re8 11. Qd2 c6 12. a4 Nbd7 13. Bc4 d5 14. Be2 e5 15. Ng6 exd4 16. exd4 Nf8 17. Nf4 Ne6 18. 0-0-0 Qa5 19. Nxe6 Bxe6 20. f3 b5 21. axb5 cxb5 22. Kb1 b4 23. Na2 Bf7 24. Be5 Nxh5 25. Bxg7 Nxg7 26. Qxh6 Bg6 27. Qxg6 Rxe2 28. Rh7 Qc7 29. Nxb4 a5 30. Rdh1 Re1+ 31. Rxe1 Qf7 32. Rh8+ 1-0